Dòng suối Du Ca Trường ca
...
Đã lưu trong:
| Tác giả chính: | |
|---|---|
| Định dạng: | Sách |
| Năm xuất bản: |
H.
Hội Nhà văn
2019
|
| Chủ đề: | |
| Tags: |
Thêm thẻ
Không có thẻ, Hãy là người đầu tiên gắn thẻ bản ghi này!
|
| LEADER | 00678nam a2200157 4500 | ||
|---|---|---|---|
| 999 | |c 16007 |d 16007 | ||
| 082 | |a 895.92214 |b V500X | ||
| 100 | |a Vũ Xuân Tửu | ||
| 245 | |a Dòng suối Du Ca |c Vũ Xuân Tửu |b Trường ca | ||
| 260 | |a H. |b Hội Nhà văn |c 2019 | ||
| 300 | |a 127 tr. |c 21 cm | ||
| 500 | |a ĐTTS ghi: Liên hiệp các hội văn học nghệ thuật Việt Nam. Hội văn nghệ các dân tộc thiểu số Việt Nam | ||
| 520 | |a ... | ||
| 653 | |a Văn học hiện đại |a Việt Nam |a Trường ca | ||
| 942 | |2 ddc |c SH | ||
| 952 | |0 0 |1 0 |2 ddc |4 0 |6 895_922140000000000_V500X |7 0 |8 800 |9 118269 |a qbu |b qbu |c D5 |d 2020-06-15 |g 80000 |o 895.92214 V500X |p 13228.C1 |r 2020-06-15 |w 2020-06-15 |y SH | ||